| 000 | 00476nam a22001457a 4500 | ||
|---|---|---|---|
| 003 | SGT | ||
| 082 |
_a616.024 _bA21G |
||
| 100 | _aGUPTA, NIKITA | ||
| 245 | _aA PROSPECTIVE STUDY OF ASSOCIATION BETWEEN FITZ HUGH CURTIS SYNDROME AND NON-ALCOHOLIC FATTY LIVER DIESEASE BY ASSESSMENT OF LIVER ENZYMES AND ULTRASONOGRAPHY AND RE- ASSESSMENT AFTER TREATMENT | ||
| 260 |
_aGURUGRAM _bSGT UNIVERSITY _c2021 |
||
| 300 | _a60 | ||
| 650 | _aMEDICINE | ||
| 653 | _aM.D | ||
| 942 |
_2ddc _cTH |
||
| 999 |
_c26574 _d26574 |
||